000
00275nam a2200121Ia 4500
100
_a
O''''Brien/ J.A.
942
_c
BK
654
_a
Information System
245
_a
Management Information System
260
_b
Galgotia
_a
New Delhi
_c
1994
300
_a
670
546
_a
ENGLISH
999
_c
19214
_d
19214